| 000 | 02368nam a2200349 a 4500 | ||
|---|---|---|---|
| 008 | 120416s2002 ||||||||||||||||| || u | ||
| 020 | _a0072470321 | ||
| 050 | _aHF 5548.4.M523 Haa | ||
| 100 | _aHaag, Stephen | ||
| 245 | 1 | 0 | _aMicrosoft excel 2002 |
| 246 | _aintroductory | ||
| 260 |
_aBoston _bMcGraw-Hill _c2002 |
||
| 300 | _axx, : ill. | ||
| 350 | _a0.00 | ||
| 490 | _aThe I-Series | ||
| 650 | _aCOMPUTERS | ||
| 650 | _aMICROSOFT EXCEL (COMPUTER FILE) | ||
| 650 | _aBUSINESS--COMPUTERS | ||
| 700 | _aPerry, James T | ||
| 856 | _uhttp://www.loc.gov/catdir/description/mh021/2001054417.html | ||
| 856 | _uhttp://www.loc.gov/catdir/toc/mh031/2001054417.html | ||
| 995 |
_aANNEX COLLECTION (Main Library) _D0.00 _e737247 _FCBU-MAIN LIBRARY (Kitwe) _H3 _I15.00 _jHF 5548.4.M523 Haa _M3 _UAVAILABLE _y41212 _ZAnnex Low-Usage Collection |
||
| 995 |
_aANNEX COLLECTION (Main Library) _D0.00 _e737239 _FCBU-MAIN LIBRARY (Kitwe) _H5 _I15.00 _jHF 5548.4.M523 Haa _M5 _UAVAILABLE _y41215 _ZAnnex Low-Usage Collection |
||
| 995 |
_aANNEX COLLECTION (Main Library) _D0.00 _e737244 _FCBU-MAIN LIBRARY (Kitwe) _H1 _I15.00 _jHF 5548.4.M523 Haa _M1 _UAVAILABLE _y41211 _ZAnnex Low-Usage Collection |
||
| 995 |
_aMAIN LIBRARY OPEN ACCESS _D0.00 _e737242 _FCBU-MAIN LIBRARY (Kitwe) _H9 _I15.00 _jHF 5548.4.M523 Haa _M9 _UAVAILABLE _y41209 _ZMain Library Open Access Collection |
||
| 995 |
_aANNEX COLLECTION (Main Library) _D0.00 _e737243 _FCBU-MAIN LIBRARY (Kitwe) _H2 _I15.00 _jHF 5548.4.M523 Haa _M2 _UAVAILABLE _WJul 18, 2006 _y41210 _ZAnnex Low-Usage Collection |
||
| 995 |
_aANNEX COLLECTION (Main Library) _D0.00 _e737241 _FCBU-MAIN LIBRARY (Kitwe) _H10 _I15.00 _jHF 5548.4.M523 Haa _M10 _UAVAILABLE _y41201 _ZAnnex Low-Usage Collection |
||
| 995 |
_aMAIN LIBRARY OPEN ACCESS _D0.00 _e737246 _FCBU-MAIN LIBRARY (Kitwe) _H7 _I15.00 _jHF 5548.4.M523 HAA _M7 _UAVAILABLE _y41213 _ZMain Library Open Access Collection |
||
| 995 |
_aANNEX COLLECTION (Main Library) _D0.00 _e737240 _FCBU-MAIN LIBRARY (Kitwe) _H8 _I15.00 _jHF 5548.4.M523 Haa _M8 _UAVAILABLE _y41207 _ZAnnex Low-Usage Collection |
||
| 995 |
_aANNEX COLLECTION (Main Library) _D0.00 _e737245 _FCBU-MAIN LIBRARY (Kitwe) _H6 _I15.00 _jHF 5548.4.M523 Haa _M6 _UAVAILABLE _y41203 _ZAnnex Low-Usage Collection |
||
| 995 |
_aANNEX COLLECTION (Main Library) _D0.00 _e737248 _FCBU-MAIN LIBRARY (Kitwe) _H4 _I15.00 _jHF 5548.4.M523 Haa _M4 _UAVAILABLE _y41214 _ZAnnex Low-Usage Collection |
||
| 999 |
_c77634 _d77634 |
||